00410nam a2200133Ia 4500008004100000040001900041041001200060082002500072245009000097260003600187300002100223650002200244850001000266131103s9999 xx 000 0 und d aLoreto College aEnglish a423/LONbLCLIB/29151 aLongman Family Dictionaryb A clear concise and modern guide to the english language  aLongmanbChancellor Pressc1984 a827 p. c 21 cm. aFamily Dictionary aLCLIB